|
|
|
|
| LEADER |
00000cam a2200000 7i4500 |
| 001 |
0000008221 |
| 005 |
20070917.0 |
| 008 |
070912 |
| 020 |
|
|
|a 0143034324
|
| 090 |
0 |
0 |
|a LAW
|b ENG
|
| 100 |
1 |
|
|a Lawton, John
|
| 245 |
1 |
0 |
|a Bluffing Mr. Churchill
|c John Lawton
|
| 260 |
|
|
|a New York :
|b Penguin Books ,
|c 2004
|
| 650 |
|
0 |
|a Americans
|z England
|x Fiction
|
| 650 |
|
0 |
|a English fiction
|
| 650 |
|
0 |
|a Intelligence officers
|x Fiction
|
| 650 |
|
0 |
|a London (England)
|x History
|x Bombardment, 1940-1941
|x Fiction
|
| 650 |
|
0 |
|a Police
|z Great Britain
|x Fiction
|
| 650 |
|
0 |
|a World war, 1939-1945
|z England
|z London
|x Fiction
|
| 999 |
|
|
|a 0000992870
|b Book
|c Adult Collection
|e Perbadanan Perpustakaan Awam Johor
|